| 000 | 00393nam a2200145Ia 4500 | ||
|---|---|---|---|
| 008 | 231129s2008||||xx |||||||||||||| ||spa|| | ||
| 020 | _a978-958-44-3194-3 | ||
| 040 | _bspa | ||
| 082 | _aCo863.6 ó77u | ||
| 100 | _aOrtíz Robledo Darío | ||
| 245 | 0 | _aUna novela pintada | |
| 260 | _c2008 | ||
| 264 | _aCaza Libros; Pijao Editores | ||
| 942 |
_2ddc _cBKS |
||
| 999 |
_c25993 _d25993 |
||